Sonic Racing: CrossWorlds - Tous les Personnages [avec image] - Statistiques

Statistiques générales
  • Ce quiz a été pris 58 fois
    9 depuis la dernière actualisation
  • Le résultat moyen est 40 sur 51
Statistiques - réponses
Par images Réponse % Correct
Amy Rose
100%
Big the Cat
100%
Blaze the Cat
100%
Bob l'éponge
100%
Cream the Rabbit & Cheese
100%
Dr.Eggman
100%
E-123 Oméga
100%
Espio the Chameleon
100%
Jet the Hawk
100%
Knuckles the Dread
100%
Knuckles the Echidna
100%
Métal Sonic
100%
Miles "Tails" Prower
100%
Pac-Man
100%
Patrick l'étoile de mer
100%
Rouge
100%
Rouge the Bat
100%
Shadow the Hedgehog
100%
Silver the Hedgehog
100%
Sonic the Hedgehog
100%
Sonic the Werehog
100%
Steve
100%
Vector the Crocodile
100%
Charmy Bee
88%
Joker
88%
Méga Man
88%
Sage
88%
Storm the Albatross
88%
Super Sonic
88%
Wave the Swallow
88%
Zavok
88%
Zazz
88%
Alex
75%
Creeper
75%
Nine
75%
Rusty Rose
75%
Egg Pawn
63%
Hatsune Miku
63%
AiAi
50%
Blinky
50%
Dodon Pa
50%
Whisper the Wolf
50%
Clyde
38%
Ichiban Kasuga
38%
Inky
38%
NIGHTS
38%
Pinky
38%
Proto Man
38%
Tangle the Lemur
38%
Arle Nadja
13%
Goro Majima
13%
Aucun quiz correspondant
Distribution des résultats
% des personnes avec chaque résultat
Percentile par nombre de réponses
Votre historique - résultats
Vous n’avez pas pris ce quiz depuis la dernière actualisation